[Event "FIDE-Wch k.o."]
[Site "New Delhi/Teheran"]
[Date "2000.12.08"]
[Round "4.4"]
[White "Bareev, Evgeny"]
[Black "Gulko, Boris F"]
[Result "1-0"]
[WhiteElo "2702"]
[BlackElo "2643"]
[Annotator "Golod,V"]
[PlyCount "63"]
[EventDate "2000.11.27"]
[EventType "k.o."]
[EventRounds "7"]
[EventCountry "IND"]
[SourceTitle "CBM 081"]
[Source "ChessBase"]
[SourceDate "2001.03.20"]
[SourceVersion "1"]
[SourceVersionDate "2001.03.20"]
[SourceQuality "1"]

1. d4 Nf6 2. c4 e6 3. Nc3 Bb4 4. Qc2 Nc6 5. Nf3 d6 6. Bd2 $5 (6. Bg5 $5 {
See comments to Ivanov,S-Balberov,A/Smolensk,2000/CBM 77(1-0)(Golod,V)(38)}) (
6. a3 $5 {See comments to Mrva,M-Blatny,P/Krynica, 1998/CBM 67(1-0)(Golod,V)
(46)}) 6... a5 7. a3 Bxc3 8. Bxc3 (8. Qxc3 Ne4 9. Qc2 Nxd2 10. Qxd2 O-O $11)
8... Qe7 (8... O-O 9. e4 (9. g3 Qe7 10. Bg2 Bd7 11. b3 e5 12. dxe5 (12. d5 $14)
12... dxe5 13. O-O $14 {1-0 Calistri-Neiman/Paris fide 1994 (37)}) 9... Nd7 (
9... Qe7 $14) 10. Be2 e5 11. d5 Ne7 12. b3 $14 (12. O-O a4 $11 {[%csl Rb2,Gb3]
1/2-1/2 Bystrov S,M-Sergeev V,V/cr 1990/ (22)})) 9. e4 {Here white played also:
} (9. d5 Nb8 10. dxe6 Bxe6 (10... fxe6 11. e4 $14 (11. g3 Nc6 12. Bg2 e5 $132 {
0-1 Kort,J-Hecht,H/Amsterdam 1971 (22)})) 11. g3 Nbd7 12. Bg2 a4 13. O-O O-O
14. Rfe1 $14 {1-0 Euwe-Stahlberg G./telegraaf 1954(36)}) (9. Rd1 O-O (9... a4
10. e3 O-O 11. Be2 Re8 12. d5 $14 {1/2-1/2 Porath,Y-Langeweg,K/Lugano 1968 (32)
}) 10. e3 e5 11. dxe5 dxe5 12. Be2 $14 {1-0 Wood,B-Milner Barry,P/York ch-GBR
1959 (50)}) (9. b3 e5 10. dxe5 dxe5 11. e3 Bg4 12. Nd2 Bh5 13. Bd3 Bg6 $11 {
1-0 Palliser,R-Scannell,S/Scarborough ENG 1999 (63)}) (9. e3 a4 (9... O-O 10.
Be2 a4 11. O-O e5 12. dxe5 dxe5 13. Rad1 $14 {0-1 Bouwmeester,H-Johannsson,I/
Copenhagen 1956/(37)}) (9... e5 10. dxe5 (10. Be2 O-O 11. O-O (11. dxe5 dxe5
12. O-O Bg4 13. h3 Bh5 $11 {1/2-1/2 Ree,H-Hecht,H/Teesside 1972/ (41)}) 11...
Bg4 12. b4 exd4 (12... Rfe8 13. d5 $14 (13. dxe5 Nxe5 14. Kh1 $2 $15 {1-0 Euwe,
M-Szabados/Zurich 1952 (39)})) 13. Nxd4 Nxd4 14. Bxd4 Bxe2 15. Qxe2 Rfe8 {
1/2-1/2 Marovic,D-Hecht,H/Amsterdam 1972 (15)}) 10... dxe5 11. h3 (11. Be2 O-O
12. O-O Re8 13. h3 a4 $11 {1/2-1/2 Ippolito,D-Christiansen,L/New York USA 2000/
The Week in Chess 288/ (50)}) 11... O-O 12. Be2 g6 (12... a4 13. O-O g6 $1 {
Flohr-Tartacover/Groningen/1946} 14. b4 $8 (14. e4 $14) 14... axb3) 13. b3 Bf5
14. Qb2 Rfe8 15. O-O Ne4 $11 {0-1 Van Scheltinga,T-Reshevsky,S/Amsterdam ,MCL
1950/[Ftacnik] (59)}) 10. Be2 e5 11. h3 O-O 12. O-O $14 {1/2-1/2 Dao Thien
Hai-Loginov,V/Budapest FS03 GM 1994(53)}) 9... e5 10. d5 Nb8 11. c5 $5 $146 {
White opens c-line for the initiative on the queenside in closest future.} (11.
b4 axb4 12. axb4 Rxa1+ 13. Bxa1 O-O 14. Be2 $142 (14. g3 Nh5 15. Bg2 f5 16. O-O
f4 $132 {1-0 Whiteley,A-Martin,B/London 1994 (31)}) 14... Na6 15. Bc3 Bg4 16.
O-O $14) 11... O-O 12. cxd6 cxd6 13. Nd2 {Interesting manoeuvre. N wants to
take part in queenside white activity.} (13. Bd3 $144 Bg4 14. Nd2 $14 {[%csl
Rd3][%cal Gb8d7,Gd7c5,Gc5d3]}) 13... Nbd7 14. Be2 Nc5 15. b4 axb4 16. axb4
Rxa1+ 17. Bxa1 Na6 18. Qb1 (18. Bc3 Bg4 $1 (18... Qc7 {[%csl Rb4]} 19. Bd3 {
[%csl Gc2]} Bd7 20. O-O Ba4 21. Qb2 Rc8 22. Rc1 h6 $14) (18... Bd7 19. O-O Rc8
20. Qb3 Nc7 21. Bb2 $14) 19. f3 Bd7 20. O-O Nh5 $132 {[%cal Gh5f4,Ge7g5,Gf7f5]}
) 18... Bg4 19. f3 $6 $132 {Side which has space and pair of BB advantage must
avoid pieces exchange. But not in this position!} ({Much better was:} 19. Bxg4
Nxg4 20. O-O f5 21. h3 Nf6 22. exf5 Nxd5 23. b5 Nac7 24. Qb3 b6 25. Ne4 $14 {
[%cal Gf1d1]}) 19... Bd7 20. O-O Rc8 $2 $14 ({After f2-f3 Be2 can't control h5
square, so very strong was} 20... Nh5 $1 {[%csl Ra1][%cal Ge7g5,Gh5f4]
starting counterplay on the kingside,and now:} 21. g3 (21. Rc1 {leads to draw
by force:} Nf4 22. Bf1 (22. Bxa6 $2 Qg5 $1 23. g3 Nh3+ 24. Kh1 Qxd2 25. Bxb7
Nf2+ 26. Kg1 Nd3 $19) 22... Qg5 (22... Nh3+ 23. Kh1 (23. gxh3 Qg5+ 24. Kh1 Qxd2
25. b5 Nc5 26. Bxe5 Nxe4 27. fxe4 dxe5 $132) 23... Nf2+ 24. Kg1 Nh3+ $11) 23.
Nc4 Nh3+ 24. Kh1 Nf2+ 25. Kg1 Nh3+ $11) 21... Qg5 22. Rf2 b5 23. Bf1 $132 {
with at least equal position in all variations!}) 21. Nc4 Qd8 $2 $16 {[%cal
Gd7b5] Preparing 22... Bb5 and overlooking the next move of white.} ({Here
noted above move} 21... Nh5 $1 {also was worth of attention} 22. g3 Bh3 (22...
Qg5 23. Kf2 $1 $14 (23. Nxd6 Nxg3 $11)) 23. Re1 Qg5 $132 (23... b5 24. Ne3 (24.
Na5 Qa7+ 25. Kh1 Qf2 $19) 24... Nc7 25. Bf1 $14)) (21... Bb5 $2 22. Nb6 $1 $18)
22. b5 $1 (22. Nxd6 $4 Qb6+) 22... Nb8 $8 (22... Nc5 23. Nxd6 $18) 23. Kh1 {
Preventing ...Qb6+} (23. Qb4 Ne8 24. Kh1 $16 {-like in the game}) 23... Ne8 24.
Qb4 b6 $6 {losing by force} ({The only resistance possibility was} 24... Qc7 {
but after, for example,} 25. Rb1 {position of Black is quite difficult:} f6 (
25... Qc5 26. Qxc5 Rxc5 27. Nxd6 Nxd6 28. Bxe5 $16) 26. Bb2 {[%cal Gb2a3]} (26.
b6 Qc5 $14) 26... Qc5 (26... Rd8 27. Rc1 $16) 27. Ba3 Qf2 28. Qb2 $16 {[%csl
Rd6]}) 25. Nxd6 $1 Qe7 26. Bxe5 $1 Rc2 (26... Qxe5 27. Nxc8 Bxc8 28. f4 $18)
27. Bd3 Qxe5 28. Bxc2 Qxd6 (28... Nxd6 29. f4 $18) 29. Qxd6 Nxd6 30. Ra1 Be8
31. e5 Nxb5 32. Ra8 {[%csl Rb8,Re8]} 1-0

[Event "FIDE-Wch k.o."]
[Site "Moscow"]
[Date "2001.11.27"]
[Round "1.5"]
[White "Milov, Vadim"]
[Black "Yermolinsky, Alex"]
[Result "1-0"]
[WhiteElo "2602"]
[BlackElo "2577"]
[Annotator "Golod,V"]
[PlyCount "75"]
[EventDate "2001.11.27"]
[EventType "k.o."]
[EventRounds "7"]
[EventCountry "RUS"]
[SourceTitle "CBM 086"]
[Source "ChessBase"]
[SourceDate "2002.02.05"]
[SourceVersion "1"]
[SourceVersionDate "2002.02.05"]
[SourceQuality "1"]

1. d4 Nf6 2. c4 Nc6 3. Nf3 e6 4. Nc3 Bb4 5. Qc2 d6 6. Bg5 (6. a3 $5 {See
comments to Pelletier,Y-Alterman,B/Dresden,1998/CBM 65(0-1)(Golod,V)(39)}) (6.
Bd2 $5 {See comments to Bareev,E-Gulko,B/New Delhi,2000/CBM 81(1-0)(Golod,V)
(32)}) 6... h6 $5 {It's main line.} (6... Bxc3+ {"The little bit strange
decision.The idea of this variation is to place black's PP on the black
squares,because in future Bb4 will be changed on Nc3". You can see comments to
Ivanov,S-Balberov,A/Smolensk,2000/CBM 77(1-0)(Golod,V)(38)}) ({Dubiously:} 6...
e5 {in view of:} 7. d5 Bxc3+ (7... Ne7 $4 8. Qa4+ {[%csl Rb4,Re8] 1-0
Samisch-Capablanca/Carlsbad,1929(8)}) 8. Qxc3 Ne7 9. Bxf6 gxf6 10. g3 a5 (10...
Ng6 11. Bg2 h5 12. h4 $14 {Tunik,G-Pozdniakov,S/Chigorin mem,St.Petersburg,
1997(1/2-1/2)(32)}) 11. Bg2 b6 12. O-O Ng6 13. Nd2 f5 14. f4 $14 {Vilela Jose
Luis-Tallarico,M/Alcobendas,1994(1/2-1/2)(41)}) 7. Bd2 (7. Bh4 $2 {is refuted
by:} g5 $1 8. Bg3 $140 g4 {[%csl Rd4,Yf3][%cal Gg4f3]} 9. Nd2 Nxd4 10. Qd3 Nf5
$17 {Korotylev,A-Najer,E/Moscow,1996(0-1)(29)}) ({Nor leads to advantage of
white:} 7. Bxf6 Qxf6 8. a3 Bxc3+ 9. Qxc3 O-O 10. e3 e5 $11 {Eliskases,
E-Schmitt,L/Bad Oeynhausen,1938(1-0)(51)}) 7... O-O $5 ({Also was checked
repeatedly in the previous games:} 7... e5 $5 8. a3 $5 Bxc3 (8... exd4 $5 9.
axb4 dxc3 10. bxc3) 9. Bxc3 Qe7 10. d5 Nb8 11. e4 O-O 12. Be2 $14 {Gurevich,
M-Benjamin,J/New York,1989(1-0)(38)}) (7... Qe7 {See comments to Miles,
A-Benjamin,J/USA-ch,1989/CBM 19(1-0)(Ftacnik,L)(48)}) ({and} 7... a5 8. a3 Bxc3
9. Bxc3 Qe7 10. g3 O-O 11. Bg2 e5 12. d5 Nb8 13. e4 {+/=/= Drasko,
M-Damljanovic,B/Belgrade,1994(1/2-1/2)(33)}) 8. e3 $5 ({Weakly:} 8. e4 {
in view of:} e5 9. d5 Ne7 (9... Nd4 $1 $36) 10. Be2 a5 11. O-O $14 {Gonzalez
Haro,E-Kuijpers,F/Malaga,1965(0-1)(30)}) (8. a3 Bxc3 9. Bxc3 Qe7 10. g3 {
+/=/=  See comments to Gurevich,M-Torre,E/Jakarta,1996/CBM 56(0-1)(Gurevich,M)
(38)} (10. e3 $5)) (8. g3 $6 e5 9. dxe5 dxe5 10. a3 Be7 11. Bg2 Be6 $11 {
Dzevlan,M-Ostojic,N/Banja Vrucica,1991 (0-1)(29)}) ({Interestingly:} 8. O-O-O
Qe7 9. e4 e5 10. dxe5 Bxc3 11. Bxc3 dxe5 {+/=/= Chabanon,J-Ikonnikov,V/France,
1999(1-0)(42)}) 8... e5 $5 (8... Re8 $143 {[%cal Ge6e5]} 9. Be2 a5 10. O-O e5
11. d5 Ne7 12. e4 Bg4 13. a3 Bxc3 14. Bxc3 Nd7 15. Ne1 Bxe2 16. Qxe2 $14 {
Amura,C-Gonzalez,J/Matanzas,1992(1/2-1/2)(45)}) ({Also it deserves attention:} 
8... a5 9. Be2 e5 10. O-O Bg4 11. d5 Ne7 12. Ne1 Bxc3 13. Bxc3 Bxe2 14. Qxe2
Ne4 15. Rc1 f5 $11 {Martinez,M-Bronstein,L/Buenos Aires,1993(0-1)(69)}) 9. d5
Ne7 $5 $146 ({A little worse is:} 9... Nb8 10. Be2 a5 {[%cal Yb8a6]} 11. O-O
Nbd7 (11... Na6 $5) 12. b3 Nc5 13. a3 Bxc3 14. Bxc3 Nce4 15. Nd2 Nxc3 16. Qxc3
Qe7 17. e4 Bd7 18. b4 b6 19. Rfc1 $14 {Arkhipov,S-Ogloblin,N/Novokuznetsk,1999
(1/2-1/2)(42)}) 10. a3 {Already it is time to take away the bishop!} Bxc3 11.
Bxc3 Bf5 $1 {/^b1-h7 Differently,white will put pawn on point "e4".} 12. Qb3 {
[%csl Rb7] ׫} Ne4 13. Be2 ({Impossibly:} 13. Qxb7 $4 {because of:} Nc5 14. Qb5
(14. Qb4 $143 a5 15. Qb5 Bd7 {[%csl Rb5]}) 14... Rb8 15. Qa5 Nb3 $19 {[%csl
Ra1,Ra5]}) 13... a5 14. Rc1 {[%csl Yc1][%cal Yc1c3]} ({Again impossibly:} 14.
Qxb7 $4 Nc5 15. Qb5 Bd7 {[%csl Rb5]}) 14... a4 15. Qd1 c6 $11 {This piece of a
game Alex Yermolinsky plays very strongly!} 16. dxc6 (16. O-O $143 Nxc3 17.
Rxc3 c5) 16... Nxc6 ({In my opinion,it was better:} 16... bxc6) 17. Nd2 Nxc3 ({
Is a possible continuation of the play:} 17... Nc5 $5) 18. Rxc3 d5 $6 {Again
doubtful decision.} ({Can be recommended:} 18... Qb6 $5 {[%csl Rb2]}) 19. cxd5
Qxd5 20. O-O Rad8 $6 {[%csl Ra4] Pawn "a4" remains without protection.} (20...
Rfd8 $142 21. Nc4 $140 Qe6) 21. Nc4 {[%csl Ra4]} Qxd1 $6 (21... Qb5 $142) 22.
Rxd1 {[%csl Ra4,Rb7][%cal Gc4d6]} Rxd1+ $2 {Probably,black blundered,because
he didn't see 25.g4.} ({Much better is:} 22... Be6 23. Kf1 $14 (23. Nd6 $6 Rd7
24. Bb5 $140 $2 {[%csl Ra4,Rc6]} Rfd8 25. Bxc6 bxc6 26. Rxc6 Kf8 $17 {[%csl
Rd6][%cal Gf8e7]})) 23. Bxd1 $140 Rd8 24. Bxa4 b5 25. g4 $1 $16 {[]} bxa4 {
Besides this move,black has several options:} (25... Be4 {[%csl Rg1]} 26. f3 $1
bxa4 (26... Bxf3 $143 27. Bxb5 Na7 28. Ba4 {+/-/+-}) 27. fxe4 $16) (25... Nd4
$5 26. exd4 exd4 27. Rf3 $1 (27. Rc1 $143 Bd7 28. Rd1 (28. Bxb5 $6 Bxb5 $14)
28... Bxg4 29. f3 Bxf3 30. Rf1 Be2 31. Bxb5 Bxf1 32. Kxf1 $16) 27... Bd7 {
[%csl Ra4,Rc4,Yd7][%cal Yd7b5,Gb5c4,Gb5a4]} (27... Bxg4 $2 28. Rf4 f5 (28...
Bd7 29. Rxd4 bxa4 30. Ne5 $18) 29. Bxb5 g5 30. Rxg4 fxg4 31. Ne5 $18) 28. Rd3
Be8 29. Bb3 $1 bxc4 30. Bxc4 $16) ({and} 25... Bxg4 $6 26. Bxb5 Na7 (26... Bf3
27. Rc1 $18) 27. Ba4 $18) 26. gxf5 Rb8 ({More stubborn resistance after:} 26...
Kf8 27. Nb6 {[%csl Ra4]} (27. Kg2 $5 {[%cal Gg2f3,Gf3e4,Gf3e2]}) 27... Ne7 28.
Nxa4 Nxf5 29. b4 {+/-/+-}) 27. Rd3 $1 {<->d} Rb5 $6 ({A little bit better is:} 
27... e4 28. Rd6 Ne7 29. f6 Nf5 30. Ra6 $18 {[%csl Ra4]}) 28. Rd7 e4 29. Rc7 {
[%csl Rc6]} Ne5 (29... Rc5 $143 30. Nd6 $18 {[%csl Re4,Rf7]}) 30. Nxe5 $1 {
White transfer to winning R endgame.} Rxe5 31. Rc4 {[%csl Ra4,Re4]} Rb5 (31...
Rxf5 32. Rxa4 $18 {[%csl Ga3,Gb2]}) 32. Rxe4 Rxb2 33. Rxa4 $18 Ra2 34. Kg2 g6 (
{Nothing changes,after:} 34... Kf8 35. Ra7) ({or} 34... f6 35. Ra7 {with plan
a4-a5-a6(o^); Kg3,f4,e4-e5(o^) and so on.}) 35. fxg6 fxg6 36. Ra7 {[%csl Rg8]
[%cal Ya7h7]} g5 37. h3 Kf8 38. Kg3 {[%csl Rg5,Rh6] /\h3,and f4(קg5,h6)} 1-0

[Event "Krynica zt"]
[Site "Krynica"]
[Date "1998.09.08"]
[Round "7"]
[White "Mrva, Martin"]
[Black "Blatny, Pavel"]
[Result "1-0"]
[WhiteElo "2445"]
[BlackElo "2520"]
[Annotator "Golod,V"]
[PlyCount "91"]
[EventDate "1998.09.02"]
[EventType "swiss"]
[EventRounds "9"]
[EventCountry "POL"]
[SourceTitle "CBM 067"]
[Source "ChessBase"]
[SourceDate "1998.11.30"]
[SourceVersion "2"]
[SourceVersionDate "1998.11.01"]
[SourceQuality "1"]

{[%mdl 28784]} 1. d4 Nf6 2. c4 Nc6 $5 3. Nf3 e6 4. Nc3 (4. g3 $5) 4... Bb4 5.
Qc2 d6 6. a3 Bxc3+ 7. Qxc3 Qe7 ({Other lines are:} 7... a5 $5) (7... O-O $5) 8.
b4 $5 {Is the main line} (8. g3 $5 {See comments to Pelletier,Y-Alterman,B/
Dresden,1998/(cbm 65),1-0 (39) Golod,V}) ({Other lines:} 8. Bg5) (8. e3) 8...
e5 $5 ({Black has few alternatives:} 8... O-O $5) (8... a5 $5) (8... a6 $6) 9.
dxe5 Nxe5 (9... dxe5 $2 10. b5 $16 {[%csl Re5]}) 10. Bb2 $5 $146 ({Good enough:
} 10. Nxe5 dxe5 ({After:} 10... Qxe5 11. Qxe5+ dxe5 {white transfers to
slightly better endgame} 12. Bb2 $5 (12. e3 $143 O-O 13. Be2 Be6 14. Bb2 Nd7
15. c5 f6 16. O-O Rfd8 17. Rfd1 Nf8 18. Kf1 Bb3 19. Rxd8 Rxd8 20. Ke1 Ne6 $11 {
1/2-1/2 Lengyel,L-Ivkov,B/Wijk aan Zee 1971/MCL 04 (20)}) 12... Nd7 13. g4 f6
14. c5 c6 15. g5 a5 16. Rg1 axb4 17. axb4 Rxa1+ 18. Bxa1 Kf7 19. e3 Nf8 20. Bd3
Be6 21. f4 $14 {1/2-1/2 Lputian,S-Espig,L/Berlin 1982/MCL 04 (28)}) 11. Bb2 Nd7
12. g3 O-O 13. Bg2 f6 (13... Re8 14. O-O a5 15. c5 axb4 16. axb4 Rxa1 17. Rxa1
c6 18. f4 f6 19. e4 $14 {1/2-1/2 Lilienthal,A-Kopaev,N/Leningrad 1938/HCL 15 
(44)}) 14. O-O c6 15. a4 Re8 16. b5 $14 {1/2-1/2 Levenfish,G-Konstantinopolsky,
A/Tbilisi 1937/URS-ch (33)}) 10... Nfd7 $6 (10... Ne4 $6 11. Qd4 {[%csl Re4,
Re5]} Nxf3+ 12. gxf3 Nf6 13. Rg1 $14) (10... Neg4 $5 {(/\11..Nxf2 12.Kxf2 Ne4+)
} 11. Nd2 $5 (11. Qd4 $6 c5 12. Qf4 Ne4 $1 $36) 11... O-O 12. e4 $1 {+/=/=})
11. c5 $1 $14 f6 $6 (11... Nxf3+ 12. Qxf3 (12. gxf3 $5 $14) 12... Ne5 (12...
dxc5 13. Bxg7 Rg8 14. Bc3 $14) 13. Qd5 $5 $14 {[%cal Gc5d6] Weakness(d6)}) 12.
cxd6 cxd6 (12... Qxd6 13. Rd1 Nxf3+ 14. Qxf3 Qe7 15. e3 $14) 13. Nd4 {White
has a big positional advantage} Nb6 (13... O-O $143 14. Qb3+ Kh8 {White's plan
is: e3,Be2,0-0,Rfd1,Rac1;+/=/+/-}) 14. Qb3 $6 {[%cal Gb3g8]} ({Good enough:} 
14. e3) 14... Bd7 (14... Nbc4 $5 15. e3 Nxb2 16. Qxb2 O-O $14) 15. e3 (15. Rc1
$5 Ba4 $1 16. Qg3 $1 $36 {[%cal Gd4f5]} (16. Qe6 $143 Nec4 $1)) 15... Na4 $4 (
15... Ba4 16. Bb5+ (16. Qa2 $5) 16... Bxb5 17. Nxb5 $14 {[%csl Rd6][%cal Gb3g8]
}) 16. Nb5 $1 {[%csl Ra4][%cal Gb5c7]} Rc8 $8 ({Badly:} 16... Nxb2 17. Nc7+ Kd8
18. Nxa8 Na4 19. Rc1 $18) 17. Rd1 $1 {[%csl Rd6]} (17. Nxa7 $5 Ra8 18. Bd4 (18.
Nb5 $5) 18... Nc6 (18... Qf7 19. Qxf7+ Kxf7 20. Rc1 $18) 19. Nb5 {+/-/+-} (19.
Nxc6 $143 bxc6 $16)) (17. Qxa4 $143 a6 18. Rd1 $16) 17... Nxb2 (17... Nf7 $2
18. Nxa7 Ra8 19. Bd4 $18) 18. Nxd6+ (18. Qxb2 $2 Bxb5 19. Bxb5+ Kf7 {+/=/+/-})
18... Qxd6 $8 {(18...Kf[d]8 19.Nc8+-)} 19. Rxd6 Rc1+ 20. Ke2 $1 $18 ({Badly:} 
20. Kd2 $2 {because of:} Rxf1 $1 (20... Rd1+ $2 21. Qxd1 Nxd1 22. Kxd1 $18) 21.
Rxf1 (21. Re6+ Kd8 22. Rxf1 Nbc4+ 23. Kc1 Bxe6 $14) 21... Nbc4+ 22. Kc1 Nxd6
$14) 20... Nec4 (20... Bb5+ $143 21. Kd2 {[%csl Rb5,Rc1]} Rd1+ (21... Rxf1 $4
22. Qe6+ Kf8 23. Rd8+ Be8 24. Rxe8#) 22. Kc2 Ba4 23. Bb5+ $1 Bxb5 24. Qe6+ Kf8
25. Rhxd1 $18) 21. Rxd7 $5 (21. Rd4 $143 Ba4 22. Qa2 (22. Rxc4 Rxc4 23. Qxb2
Rc2+ 24. Qxc2 Bxc2 25. Kd2 $16) 22... Bd1+ (22... Rc2+ 23. Kf3 Nd3 24. Qa1
Nce5+ 25. Kg3 Nxf2 26. Rg1 $18) 23. Rxd1 Rxd1 24. Kf3 $18) 21... Kxd7 22. g3 {
[%cal Gf1g2]} Kc7 {[%cal Gh8d8,Gd7d2,Gd8d2]} 23. Bg2 $18 {White transfers to
the winning endgame.} Rxh1 24. Bxh1 Rd8 25. Be4 {[%cal Ge4b1,Ge4h7]} Rd2+ 26.
Ke1 g6 27. Bc2 {/\Qc3} Rd6 (27... b5 28. Qc3 $18) 28. b5 $5 {פb2;Nc4} Kb6 29.
h4 {[%csl Rg6,Rh7][%cal Gh4h5]} Rd5 30. Qc3 f5 31. a4 Kc5 32. Kf1 {White's
plan is:Kg2,g4,Kg3} a6 33. bxa6 bxa6 34. Kg2 Rd2 35. g4 $5 fxg4 36. Kg3 h5 37.
Qb3 $5 {[%csl Rg6]} ({Worse:} 37. Bxg6 {in view of:} Nd1) 37... Rd6 38. Qb7 Rb6
39. Qe7+ Rd6 40. Bxg6 {[%csl Rg4,Rh5][%cal Gg6h5,Gh5g4]} Nxa4 41. Bxh5 Nab6 42.
e4 Kd4 43. Bxg4 Kc3 44. h5 Rd3+ 45. Kg2 Rd2 46. Qg5 {[%csl Re3][%cal Gh5h6]}
1-0